000 00540nam a22001817a 4500
003 CEME
005 20210628204756.0
008 210121b xxu||||| |||| 00| 0 eng d
020 _a81-307-0619-9
040 _cceme
082 _a911.54 CUN
100 _aCunningham, Alexander
_96672
245 _aThe ancient geography of india, the buddhist period
260 _aNEW DLEHI
_bISLAMIC PUBLICATIONS, COSMO PUBLICATIONS
_c2007
300 _aXXV,497 P
650 _aGEOGRAPHY OF INDIA. ANCIENT GEOGRAPHY OF INDIA
_972307
942 _cBK
_2ddc
999 _c578396
_d578396